Music Quiz

Random Music Quiz

Under the influence lyrics - James Morrison Quiz Stats

 Plays Quiz not verified by Sporcle

Support Sporcle.
Go Orange.
Score 0/121 Timer 19:00
0 Plays Today
Answer % Correct
the
100%
the
100%
the
100%
[repeated]
100%
I
90%
I
90%
I
90%
I
90%
in
90%
I
90%
I
90%
I
90%
I'm
90%
under
90%
influence
90%
I
90%
I
90%
I
90%
I'm
90%
under
90%
influence
90%
so
80%
whatever
80%
do
80%
of
80%
you
80%
of
80%
whatever
80%
do
80%
of
80%
you
80%
of
80%
and
70%
a
70%
and
70%
your
70%
and
70%
no
70%
and
70%
a
70%
oh
70%
Answer % Correct
a
70%
oh
70%
a
70%
no
70%
was
60%
was
60%
to
60%
be
60%
my
60%
man
60%
was
60%
was
60%
to
60%
to
60%
when
60%
it
60%
out
60%
was
60%
to
60%
me
60%
me
60%
my
60%
me
60%
it
60%
sure
50%
sure
50%
never
50%
need
50%
hand
50%
she
50%
heart
50%
there's
50%
need
50%
up
50%
from
50%
now
50%
there's
50%
born
40%
raised
40%
own
40%
going
40%
Answer % Correct
helping
40%
said
40%
trust
40%
understand
40%
just
40%
had
40%
too
40%
came
40%
off
40%
had
40%
going
40%
well
30%
thought
30%
planned
30%
driving
30%
close
30%
edge
30%
living
30%
dangerously
30%
feel
30%
strange
30%
warm
30%
sensation
30%
rising
30%
inside
30%
like
30%
tidal
30%
wave
30%
nowhere
30%
swept
30%
feet
30%
somehow
30%
making
30%
complete
30%
you've
30%
back
30%
but
20%
once
20%
taste
20%

You're not logged in!

Compare scores with friends on all Sporcle quizzes.
OR
Log In

From the Vault

Off to See the Wizard

by pdigoe

If you like sorcery you should be a whiz at this.
Remove Ads.
Support Sporcle.
Get the best of Sporcle when you Go Orange. This ad-free experience offers more features, more stats, and more fun while also helping to support Sporcle. Thank you for becoming a member.

Show Comments

Extras

Created Feb 14, 2018ReportNominate
Tags:influence, morrison, same, Under

Top Quizzes Today


Score Distribution

Your Account Isn't Verified!

In order to create a playlist on Sporcle, you need to verify the email address you used during registration. Go to your Sporcle Settings to finish the process.

Report this User

Report this user for behavior that violates our Community Guidelines.

Details: